[Event "77 España ch 2012"]
[Site "Maspalomas ESP"]
[Date "2012.10.07"]
[Round "9.45"]
[White "Ruiz Delgado, Basilio"]
[Black "Suarez Fleitas, Alberto"]
[Result "1-0"]
[WhiteElo "1718"]
[BlackElo "1426"]
[PlyCount "105"]
[EventDate "2012.09.29"]
[EventType "swiss"]
[EventRounds "9"]
[EventCountry "ESP"]
[Source "lmi"]
[SourceDate "2012.09.29"]

1. d4 d5 2. c4 Nf6 3. cxd5 Qxd5 4. Nc3 Qd8 5. Nf3 e6 6. a3 Nbd7 7. e4 Nb6 8.
Bd3 h6 9. O-O Be7 10. Bf4 O-O 11. Re1 a6 12. Rc1 Bd7 13. Bb1 Be8 14. Qc2 g6 15.
Bxh6 Rc8 16. Rcd1 Bc6 17. d5 exd5 18. e5 Ng4 19. Bxf8 Qxf8 20. e6 Be8 21. Qe2
Bf6 22. h3 Nh6 23. Ne5 Bxe5 24. Qxe5 fxe6 25. Qxe6+ Bf7 26. Qf6 Qg7 27. Qxg7+
Kxg7 28. Ba2 c6 29. Re7 Rb8 30. g4 Kf8 31. Rde1 Ng8 32. R7e2 Rd8 33. Rd1 d4 34.
Bxf7 Kxf7 35. Ne4 Nc4 36. Ng5+ Kf6 37. Ne6 Re8 38. Nxd4 Rd8 39. g5+ Kf7 40. Rc2
b5 41. Rd3 Ne5 42. Re3 Rxd4 43. Rxe5 Ne7 44. Rxe7+ Kxe7 45. Rxc6 Kf7 46. Rxa6
Rd2 47. b4 Rd5 48. h4 Rd4 49. Rb6 Rxh4 50. Rxb5 Rh3 51. a4 Ra3 52. a5 Ra4 53.
Rb6 1-0

[Event "77 España ch 2012"]
[Site "Maspalomas ESP"]
[Date "2012.10.07"]
[Round "9.47"]
[White "Ruiz Macias, Anabel"]
[Black "Lopez Rivera, Jesus"]
[Result "0-1"]
[WhiteElo "1455"]
[BlackElo "1839"]
[PlyCount "82"]
[EventDate "2012.09.29"]
[EventType "swiss"]
[EventRounds "9"]
[EventCountry "ESP"]
[Source "lmi"]
[SourceDate "2012.09.29"]

1. e4 c5 2. Nf3 d6 3. d4 cxd4 4. Nxd4 Nf6 5. Nc3 g6 6. Be3 Bg7 7. f3 O-O 8. Bd3
Nc6 9. Qd2 d5 10. O-O-O e5 11. Nxc6 bxc6 12. exd5 cxd5 13. Bc4 d4 14. Ne2 Qc7
15. Bb3 dxe3 16. Qxe3 Ba6 17. Kb1 Bc4 18. g4 Bxb3 19. axb3 Qb6 20. Qxb6 axb6
21. c3 Rfd8 22. Kc2 Nd5 23. Rd3 Bh6 24. Kb1 Ne3 25. Rxd8+ Rxd8 26. h4 Bf4 27.
Nxf4 exf4 28. Kc1 h6 29. Kb1 Kf8 30. Ka2 b5 31. Rh2 Ra8+ 32. Kb1 Ke7 33. Re2
Rd8 34. Ka2 Kd6 35. Rd2+ Kc7 36. Rxd8 Kxd8 37. Ka3 Nc2+ 38. Ka2 Ne1 39. Ka3 Kc7
40. c4 Nc2+ 41. Ka2 b4 0-1

[Event "77 España ch 2012"]
[Site "Maspalomas ESP"]
[Date "2012.10.07"]
[Round "9.48"]
[White "Haarkotter Martin, Michael"]
[Black "Perez Hernandez, Juan Manuel"]
[Result "0-1"]
[WhiteElo "1430"]
[BlackElo "1623"]
[PlyCount "92"]
[EventDate "2012.09.29"]
[EventType "swiss"]
[EventRounds "9"]
[EventCountry "ESP"]
[Source "lmi"]
[SourceDate "2012.09.29"]

1. e4 e5 2. Nf3 Nc6 3. Bb5 d6 4. Bxc6+ bxc6 5. d3 Nf6 6. Bg5 Be7 7. Nbd2 O-O 8.
O-O h6 9. Bh4 Nh7 10. Bxe7 Qxe7 11. Qe2 Bg4 12. Qe3 Rfe8 13. Rfe1 Bxf3 14. Nxf3
Nf8 15. h3 c5 16. Nh2 Ne6 17. c3 Nf4 18. Qg3 Qe6 19. b3 f5 20. exf5 Qxf5 21.
Rad1 Rf8 22. Ng4 Kh7 23. d4 Qc2 24. dxe5 Ne2+ 25. Rxe2 Qxe2 26. Qd3+ Qxd3 27.
Rxd3 dxe5 28. Nxe5 Rad8 29. Kf1 Rxd3 30. Nxd3 c4 31. bxc4 Rd8 32. Ke2 Rd6 33.
Kd2 g5 34. c5 Ra6 35. Nb4 Ra5 36. c6 Kg6 37. Kd3 Kf5 38. Kd4 Ke6 39. g3 Rf5 40.
Ke3 a5 41. Na6 Kd6 42. Nb8 Rf8 43. Nd7 Re8+ 44. Kd4 Rd8 45. Ne5 Ke6+ 46. Ke4
Rb8 0-1

[Event "77 España ch 2012"]
[Site "Maspalomas ESP"]
[Date "2012.10.07"]
[Round "9.49"]
[White "Guerrero Orihuela, Jose Luis"]
[Black "Garcia Cruz, Jose Manuel"]
[Result "1-0"]
[WhiteElo "1562"]
[BlackElo "1368"]
[PlyCount "108"]
[EventDate "2012.09.29"]
[EventType "swiss"]
[EventRounds "9"]
[EventCountry "ESP"]
[Source "lmi"]
[SourceDate "2012.09.29"]

1. d4 d5 2. Nf3 Nf6 3. Bf4 g6 4. h3 Bg7 5. e3 O-O 6. Nc3 c6 7. Ne5 Nbd7 8. f3
Nxe5 9. dxe5 Nd7 10. Qd4 e6 11. Ne2 f6 12. exf6 Bxf6 13. Qb4 c5 14. Qa3 Be7 15.
c3 c4 16. Bd6 Bxd6 17. Qxd6 Qf6 18. Nd4 Ne5 19. f4 Nd3+ 20. Bxd3 cxd3 21. O-O-O
Rd8 22. Qe5 Qxe5 23. fxe5 Rf8 24. Rxd3 Bd7 25. Nf3 Bb5 26. Rd4 Rac8 27. Rf4
Rxf4 28. exf4 Bd3 29. Kd2 Be4 30. Ke3 Rc4 31. Rc1 Bxf3 32. gxf3 Kg7 33. b3 Rc7
34. c4 b6 35. Kd4 Kh6 36. h4 Kh5 37. Rh1 dxc4 38. bxc4 Rd7+ 39. Kc3 Rd8 40. a4
Rc8 41. Kb4 Rf8 42. a5 Rxf4 43. axb6 axb6 44. Kb5 Rxf3 45. Kxb6 Rb3+ 46. Kc6
Kg4 47. c5 Rd3 48. Kc7 Kf5 49. c6 Kxe5 50. Kc8 Rc3 51. c7 Kd6 52. Rd1+ Kc6 53.
Kd8 Kb7 54. Rb1+ Ka6 1-0

[Event "77 España ch 2012"]
[Site "Maspalomas ESP"]
[Date "2012.10.07"]
[Round "9.50"]
[White "Roque Hernandez, Francisco"]
[Black "Nicolas Fernandez, Juan Antoni"]
[Result "1-0"]
[WhiteElo "1548"]
[BlackElo "1417"]
[PlyCount "39"]
[EventDate "2012.09.29"]
[EventType "swiss"]
[EventRounds "9"]
[EventCountry "ESP"]
[Source "lmi"]
[SourceDate "2012.09.29"]

1. e4 d5 2. exd5 Qxd5 3. Nc3 Qa5 4. Nf3 Nf6 5. Bc4 Bf5 6. O-O e6 7. d4 c6 8.
Qe2 Nbd7 9. Bb3 Bd6 10. Re1 O-O-O 11. Bd2 Qc7 12. a4 Ng4 13. g3 h5 14. Nh4 Bh7
15. Ne4 Be7 16. Ng5 Bxg5 17. Bxg5 f6 18. Bd2 g5 19. Nf3 h4 20. gxh4 1-0

[Event "77 España ch 2012"]
[Site "Maspalomas ESP"]
[Date "2012.10.07"]
[Round "9.51"]
[White "Amador Garcia, Ismael"]
[Black "Suarez Ramirez, Jonay"]
[Result "0-1"]
[WhiteElo "1427"]
[BlackElo "1523"]
[PlyCount "60"]
[EventDate "2012.09.29"]
[EventType "swiss"]
[EventRounds "9"]
[EventCountry "ESP"]
[Source "lmi"]
[SourceDate "2012.09.29"]

1. e4 c5 2. d4 cxd4 3. c3 dxc3 4. Nxc3 Nc6 5. Nf3 g6 6. Bc4 Bg7 7. O-O d6 8.
Qe2 Nf6 9. Rd1 Bg4 10. Bf4 O-O 11. h3 Bxf3 12. Qxf3 Qb6 13. Nb5 a6 14. Be3 Qd8
15. Nc3 Ne5 16. Qe2 Rc8 17. Bd5 Nxd5 18. Nxd5 Rc6 19. Rac1 Qd7 20. f4 Rxc1 21.
Rxc1 Nc6 22. Kh1 Qe6 23. Bb6 f5 24. Qc4 Kh8 25. exf5 Rxf5 26. Ne3 Qxc4 27. Rxc4
Rb5 28. Bc7 Rxb2 29. Rc2 Rxc2 30. Nxc2 Bc3 0-1

[Event "77 España ch 2012"]
[Site "Maspalomas ESP"]
[Date "2012.10.07"]
[Round "9.52"]
[White "Suarez Buceta, Melquiades"]
[Black "Bordon Sanchez, Jose Domingo"]
[Result "1-0"]
[WhiteElo "1425"]
[BlackElo "1473"]
[PlyCount "50"]
[EventDate "2012.09.29"]
[EventType "swiss"]
[EventRounds "9"]
[EventCountry "ESP"]
[Source "lmi"]
[SourceDate "2012.09.29"]

1. c4 c5 2. Nc3 Nf6 3. d3 Nc6 4. g3 d5 5. cxd5 Nxd5 6. Bg2 Nf6 7. Nf3 Bg4 8.
O-O e6 9. Rb1 Be7 10. a3 O-O 11. Qc2 Qd7 12. Re1 Rad8 13. Bf4 Bf5 14. Na2 b6
15. Bd2 Rfe8 16. b4 Ng4 17. b5 Nd4 18. Nxd4 Qxd4 19. Rf1 Qd6 20. Bc6 Rf8 21.
Rbd1 h5 22. a4 h4 23. Bf4 e5 24. Bd2 hxg3 25. hxg3 Qh6 1-0

[Event "77 España ch 2012"]
[Site "Maspalomas ESP"]
[Date "2012.10.07"]
[Round "9.53"]
[White "Rodriguez Garcia, Antonio Jose"]
[Black "Agejas Garcia, Diego"]
[Result "1-0"]
[WhiteElo "2087"]
[BlackElo "1390"]
[PlyCount "45"]
[EventDate "2012.09.29"]
[EventType "swiss"]
[EventRounds "9"]
[EventCountry "ESP"]
[Source "lmi"]
[SourceDate "2012.09.29"]

1. e4 e5 2. Nf3 Nc6 3. Bc4 h6 4. d4 d6 5. dxe5 dxe5 6. Qxd8+ Kxd8 7. Bxf7 Nf6
8. Nc3 Nb4 9. Bb3 Bd6 10. Bd2 a6 11. O-O-O Bg4 12. h3 Bh5 13. g4 Bg6 14. Rhe1
Rf8 15. Nh4 Bf7 16. f4 g5 17. fxg5 hxg5 18. Bxg5 Bxb3 19. cxb3 Kd7 20. Ng6 Rg8
21. Nxe5+ Ke6 22. Nf3 Rh8 23. e5 1-0